Культурология в вопросах и ответах: учебное пособие

Bibliographic Details
Other Authors: Драч Г. В. (редактор)
Language:Russian
Published: Ростов-на-Дону, Феникс, 2003
Edition:3-е изд.
Series:Высшее образование
Subjects:
Format: Book
KOHA link:https://koha.lib.tpu.ru/cgi-bin/koha/opac-detail.pl?biblionumber=59100

MARC

LEADER 00000nam0a2200000 4500
001 59100
005 20231031055903.0
010 |a 5222036995 
035 |a (RuTPU)RU\TPU\book\62454 
090 |a 59100 
100 |a 20031217d2003 m y0rusy50 ca 
101 0 |a rus 
102 |a RU 
105 |a y j 001zy 
200 1 |a Культурология в вопросах и ответах  |e учебное пособие  |f Под ред. Г. В. Драча 
205 |a 3-е изд. 
210 |a Ростов-на-Дону  |c Феникс  |d 2003 
215 |a 416 с. 
225 1 |a Высшее образование 
320 |a Библиогр.: с. 404-408. 
451 1 |0 (RuTPU)RU\TPU\book\69822  |y 5-8297-0002-6  |t Культурология в вопросах и ответах  |f Под ред. Г. В. Драча  |c М.  |n Гардарики  |d 2002  |p 336 с. 
610 1 |a культура 
610 1 |a культурология 
610 1 |a теория 
610 1 |a история 
610 1 |a мировая культура 
610 1 |a русская культура 
610 1 |a вопросы 
610 1 |a ответы 
610 1 |a учебные пособия 
686 |a Ч111я73  |v LBC/SL-A  |2 rubbk 
702 1 |a Драч  |b Г. В.  |4 340 
801 1 |a RU  |b 63413507  |c 20031217  |g PSBO 
801 2 |a RU  |b 63413507  |c 20130110  |g PSBO 
900 |a Культурология 
942 |c BK 
952 |a 520100  |b 020000